| 000 | 00614nam a2200193Ia 4500 | ||
|---|---|---|---|
| 003 | GCL | ||
| 008 | 140319s9999 xx 000 0 ara d | ||
| 040 |
_aGCL / _cGCL |
||
| 082 | 0 | 4 |
_a301.32 _bم د |
| 100 | 1 | _aالمجلس القومى للسكان | |
| 245 | 1 | 0 |
_aدراسات سكانية / _cالمجلس القومى للسكان |
| 300 | _a295 ص | ||
| 490 |
_aالهيئة العامة للاستعلامات _v0 |
||
| 650 | 0 | 4 | _aالسكان |
| 650 | 0 | 4 | _aالاحصائيات الحيوية |
| 650 | 0 | 4 | _aالمجلس القومى للسكان |
| 650 | 0 | 4 | _aالديموجرافيا |
| 942 |
_2ddc _cBK |
||
| 999 |
_c52124 _d52124 |
||